Jak zabránit další pandemii /
Autor - podnikatel a filantrop v knize uvažuje o tom, jak zabránit případné další světové pandemie, jako byl covid-19.
Uloženo v:
| Hlavní autor: | |
|---|---|
| Další autoři: | |
| Médium: | E-kniha |
| Jazyk: | Czech |
| Vydáno: |
V Brně :
Jan Melvil Publishing,
2023
|
| Vydání: | Vydání první |
| Edice: | Pod povrchem
|
| Témata: | |
| On-line přístup: | Plný text - pro registrované uživatele NK ČR |
| Tagy: |
Žádné tagy |
| LEADER | 03217nam a2200625 i 4500 | ||
|---|---|---|---|
| 001 | 311974 | ||
| 003 | CZ PrSKC | ||
| 005 | 20260601215715.0 | ||
| 007 | ta | ||
| 008 | 230710s2023 xr a e f 001 0 cze | ||
| 015 | |a cnb003531944 | ||
| 020 | |a 9788075551870 |q (brožováno) | ||
| 035 | |a (OCoLC)1396730867 | ||
| 040 | |a BOA001 |b cze |e rda | ||
| 041 | 1 | |a cze |h eng | |
| 072 | 7 | |a 614 |x Veřejné zdraví a hygiena |2 Konspekt | |
| 080 | |a 616-036.21 |2 MRF | ||
| 080 | |a 616.9 |2 MRF | ||
| 080 | |a 614 |2 MRF | ||
| 080 | |a 616-084 |2 MRF | ||
| 080 | |a 615.371 |2 MRF | ||
| 080 | |a (0.062) |2 MRF | ||
| 100 | 1 | |a Gates, Bill, |d 1955- |7 jn20000601714 |4 aut | |
| 240 | 1 | 0 | |a How to prevent the next pandemic. |l Česky |
| 245 | 1 | 0 | |a Jak zabránit další pandemii / |c Bill Gates ; překlad Jitka Jeníková |
| 250 | |a Vydání první | ||
| 264 | 1 | |a V Brně : |b Jan Melvil Publishing, |c 2023 | |
| 300 | |a 311 stran : |b ilustrace ; |c 22 cm | ||
| 336 | |a text |b txt |2 rdacontent | ||
| 337 | |a bez média |b n |2 rdamedia | ||
| 338 | |a svazek |b nc |2 rdacarrier | ||
| 490 | 1 | |a Pod povrchem | |
| 500 | |a Přeloženo z angličtiny | ||
| 504 | |a Obsahuje bibliografické odkazy a rejstřík | ||
| 520 | 2 | |a Autor - podnikatel a filantrop v knize uvažuje o tom, jak zabránit případné další světové pandemie, jako byl covid-19. |b Vysvětluje, jak se svět může z nedávné pandemie poučit a co všichni můžeme pro odvrácení podobné hrozby udělat. Opírá se přitom o znalosti předních světových odborníků a zkušenosti Nadace Billa a Melindy Gatesových s potíráním smrtících chorob v rozvojových zemích. Gates nejprve popisuje zákonitosti šíření infekčních chorob. Poté předkládá realistický plán, jak mohou jednotlivé země světa spolupracovat mezi sebou a s privátním sektorem tak, abychom v budoucnu dokázali zachránit miliony lidských životů i světovou ekonomiku. Nakladatelská anotace. Kráceno. | |
| 650 | 0 | 7 | |a pandemie |7 ph330262 |2 czenas |
| 650 | 0 | 7 | |a infekční nemoci |7 ph114765 |2 czenas |
| 650 | 0 | 7 | |a ochrana veřejného zdraví |7 ph138291 |2 czenas |
| 650 | 0 | 7 | |a prevence onemocnění |7 ph137258 |2 czenas |
| 650 | 0 | 7 | |a vakcíny |7 ph118227 |2 czenas |
| 650 | 0 | 9 | |a pandemy |2 eczenas |
| 650 | 0 | 9 | |a infectious diseases |2 eczenas |
| 650 | 0 | 9 | |a public health protection |2 eczenas |
| 650 | 0 | 9 | |a prevention of diseases |2 eczenas |
| 650 | 0 | 9 | |a vaccines |2 eczenas |
| 655 | 7 | |a populárně-naučné publikace |7 fd131864 |2 czenas | |
| 655 | 9 | |a popular works |2 eczenas | |
| 700 | 1 | |a Jeníková, Jitka |7 xx0126826 |4 trl | |
| 830 | 0 | |a Pod povrchem | |
| 856 | 4 | 1 | |u https://www.bookport.cz/AccountSaml/SignIn/?idp=https%3A%2F%2Fshibboleth.nkp.cz%2Fidp%2Fshibboleth&returnUrl=/kniha/jak-zabranit-dalsi-pandemii-11973/ |y Plný text - pro registrované uživatele NK ČR |4 N |
| 900 | |a ABA001 |b 20 | ||
| 044 | |a xr | ||
| 910 | |a RBIT002 | ||
| 998 | |d 379410 |a https://core.palmknihy.cz/api/books/379410/cover?rwnlcf |b https://core.palmknihy.cz/api/books/379410/cover/400?rwnlcf |c https://core.palmknihy.cz/api/books/379410/cover/50?rwnlcf |e |g 312 |i 9788075551870 |j https://core.palmknihy.cz/api/books/379410/preview.epub |l |q 49 |r 1 |s https://www.palmknihy.cz/kniha/379410 |t ebook |y 2023 |z 0 | ||
| 999 | |d 311972 | ||